Statistiques concernant Pokémon - Attaques apparues en génération IV

Cliquez ici pour prendre le quiz!

Statistiques générales

  • Ce quiz a été pris 316 fois
  • Le résultat moyen est 63 sur 113

Statistiques - réponses

Type de quizAttaque% Correct
DragonHurle-Temps
92%
DragonSpatio-Rift
90%
DragonDraco Météor
84%
EauAqua-Jet
82%
CombatClose Combat
82%
SpectreRevenant
82%
InsecteAppel Attak
80%
InsecteAppel Défens
80%
CombatAurasphère
80%
FeuBoutefeu
80%
InsecteAppel Soins
78%
NormalJugement
76%
AcierLuminocanon
76%
RochePiège de Roc
76%
DragonDracocharge
73%
VolRapace
73%
VolAtterrissage
71%
GlaceAvalanche
71%
TénèbresVibrobscur
71%
VolAnti-Brume
69%
InsecteBourdon
69%
ElectrikCrocs Eclair
69%
FeuCrocs Feu
69%
GlaceCrocs Givre
69%
PlanteFulmigraine
69%
SpectreGriffe Ombre
69%
RocheLame de Roc
69%
PlanteNoeud Herbe
69%
SolTelluriforce
69%
InsecteDemi-Tour
67%
DragonDracochoc
67%
VolLame d'Air
67%
TénèbresTrou Noir
67%
SpectreVent Mauvais
67%
FeuVortex Magma
67%
PsyDanse-Lune
65%
AcierFulmifer
65%
EauSaumure
65%
TénèbresTranche-Nuit
65%
VolBabil
63%
PoisonDétricanon
63%
PlanteEco-Sphère
63%
PlanteMartobois
63%
RocheRoc-Boulet
63%
PsyDistorsion
61%
GlaceEclats Glace
61%
RocheFracass'Tête
61%
PoisonPoison-Croix
61%
EauAnneau Hydro
59%
PsyCoupe Psycho
59%
CombatExploforce
59%
ElectrikRayon Chargé
59%
PoisonDirect Toxik
57%
FeuEbullilave
57%
AcierGyroballe
57%
SolBoue-Bombe
55%
NormalEscalade
55%
EauHydroqueue
55%
CombatOnde Vide
55%
PsyPermucoeur
55%
InsectePlaie-Croix
55%
PlanteTempête Verte
55%
CombatVampipoing
55%
AcierBombaimant
53%
TénèbresCoup Bas
53%
ElectrikCoup d'Jus
53%
PsyPermuforce
53%
PsyPermugarde
53%
PoisonPics Toxik
53%
NormalPresse
53%
RocheRayon Gemme
53%
AcierTête de Fer
53%
PsyAnti-Soin
51%
AcierPisto-Poing
51%
RochePoliroche
51%
TénèbresDégommage
49%
SpectreOmbre Portée
49%
PlanteSoucigraine
49%
TénèbresMachination
47%
AcierMiroi-Tir
47%
InsectePiqûre
47%
PsyPsykoud'Boul
47%
PlanteCanon Graine
45%
NormalGiga Impact
45%
CombatMarto-Poing
45%
NormalCoup Double
43%
NormalDon Naturel
43%
VolVent Arrière
43%
PsyVoeu Soin
43%
TénèbresEmbargo
41%
VolPicore
41%
NormalAir Veinard
39%
CombatForte-Paume
39%
PsyGravité
39%
TénèbresAssurance
37%
PsyAstuce Force
37%
NormalDernier Recours
37%
PlanteMégafouet
37%
CombatRéveil Forcé
37%
ElectrikVol Magnétik
37%
PsyEchange Psy
35%
TénèbresPasse-Passe
35%
NormalAcupression
33%
NormalAtout
33%
TénèbresReprésailles
33%
PoisonSuc Digestif
33%
TénèbresPunition
31%
NormalSéduction
31%
NormalEssorage
29%
NormalMoi d'Abord
29%
PsyOeil Miracle
29%
NormalPhotocopie
24%
NormalRuse
24%

Distribution des résultats

Percentile par nombre de réponses

% des personnes avec chaque résultat

Votre développement - résultats

Vous n’avez pas pris ce quiz